LIBRARY & INFORMATION CENTRE, KCAET, TAVANUR

ONLINE PUBLIC ACCESS CATALOGUE (OPAC)

Engineering mathematics, Part 2 / (Record no. 9698)

MARC details
000 -LEADER
fixed length control field 00449cam a2200181ua 4500
041 ## - LANGUAGE CODE
Language code of text/sound track or separate title eng
082 ## - DEWEY DECIMAL CLASSIFICATION NUMBER
Classification number 519.062
Item number NAR/EN
100 ## - MAIN ENTRY--AUTHOR NAME
Personal name Shanti, Narayanan .
245 ## - TITLE STATEMENT
Title Engineering mathematics, Part 2 /
250 ## - EDITION STATEMENT
Edition statement 2 /
260 ## - PUBLICATION, DISTRIBUTION, ETC. (IMPRINT)
Place of publication New Delhi :
Name of publisher S.Chand and Co ,
Year of publication 1985.
300 ## - PHYSICAL DESCRIPTION
Number of Pages 660 ; .
942 ## - ADDED ENTRY ELEMENTS (KOHA)
Koha item type Books
Holdings
Withdrawn status Lost status Damaged status Home library Current library Date acquired Source of acquisition Cost, normal purchase price Full call number Accession Number Koha item type
      KAUAET KAUAET 31/03/1986 Standard Book House, Thrissur. 45.00 519.062 NAR/EN 15293 Books
Withdrawn     KAUAET KAUAET 15/01/2025 Standard Book House, Thrissur. 45.00 519.062 NAR/EN 15292 Books
free website counter